น.ม.ส. [2nd] (ระเบียนเลขที่ 1006)
| 000 -LEADER | |
|---|---|
| fixed length control field | 00637nam a22001937a 4500 |
| 005 - DATE AND TIME OF LATEST TRANSACTION | |
| control field | 20210325173304.0 |
| 008 - FIXED-LENGTH DATA ELEMENTS--GENERAL INFORMATION | |
| fixed length control field | s2531 th tha d |
| 020 ## - INTERNATIONAL STANDARD BOOK NUMBER | |
| International Standard Book Number | 9740752608 |
| 041 ## - LANGUAGE CODE | |
| Language code of text/sound track or separate title | tha |
| 050 ## - LIBRARY OF CONGRESS CALL NUMBER | |
| Classification number | PL4201.5 พ672น 2527 |
| 245 10 - TITLE STATEMENT | |
| Title | น.ม.ส. [2nd] |
| 260 3# - PUBLICATION, DISTRIBUTION, ETC. | |
| Place of publication, distribution, etc. | กรุงเทพฯ : |
| Name of publisher, distributor, etc. | ไทยวัฒนาพานิช, |
| Date of publication, distribution, etc. | 2531 |
| 300 ## - PHYSICAL DESCRIPTION | |
| Extent | 205 หน้า ; |
| Other physical details | 18 ซม. |
| 650 04 - SUBJECT ADDED ENTRY--TOPICAL TERM | |
| Topical term or geographic name entry element | พิทยาลงกรณ, พระราชวรวงศ์เธอ กรมหมื่น, 2419--2488 |
| 850 ## - HOLDING INSTITUTION | |
| Holding institution | NALT |
| 942 ## - ADDED ENTRY ELEMENTS (KOHA) | |
| Koha item type | General Book |
| 997 ## - | |
| -- | 000000000001006 |
| 998 ## - LOCAL CONTROL INFORMATION (RLIN) | |
| -- | SOPAPORN |
| Withdrawn status | Lost status | Damaged status | Not for loan | Collection code | Home library | Current library | Total Checkouts | Full call number | Barcode | Date last seen | Price effective from | Koha item type |
|---|---|---|---|---|---|---|---|---|---|---|---|---|
| General Book collection | National Assembly Library of Thailand | National Assembly Library of Thailand | PL 4201.5 พ672น 2527 | 3961111271 | 09/06/2017 | 09/06/2017 | General Book |
